Things That Are Pink Quiz Stats

 Plays Quiz Updated Oct 14, 2018

Challenge
Share
Tweet
Score 0/20 Timer 04:00
11 Plays Today
% Correct
Teacup Pig
99.1%
Bubble Gum
98.6%
Ham
97.1%
Pink Flamingo
96.9%
Strawberry Ice Cream
96.9%
Tongue
96.7%
Pink Panther
96.4%
Tutu
96%
Pink Icing
95.4%
Cotton Candy
94.9%
% Correct
Pink Tulips
94.1%
Breast Cancer Ribbon
93.1%
Pink Lemonade
92.6%
Eraser
92.4%
Coral
86.7%
Retainer
82.7%
Ballet Slippers
82.7%
Conch
72.8%
Pink Carnation
65.4%
Kirby
51.8%

You're not logged in!

Compare scores with friends on all Sporcle quizzes.
OR
Log In

You Might Also Like...

Show Comments

Extras

Top Quizzes Today


Score Distribution

Your Account Isn't Verified!

In order to create a playlist on Sporcle, you need to verify the email address you used during registration. Go to your Sporcle Settings to finish the process.

Report this User

Report this user for behavior that violates our Community Guidelines.

Details: